HL allows damages for airport noise (Record no. 68564)
[ view plain ]
| 000 -LEADER | |
|---|---|
| fixed length control field | 00938cam a2200241 4500 |
| 001 - CONTROL NUMBER | |
| control field | X115127 |
| 008 - FIXED-LENGTH DATA ELEMENTS--GENERAL INFORMATION | |
| fixed length control field | 011016n2001 000 0 eng u |
| 035 ## - SYSTEM CONTROL NUMBER | |
| System control number | (Sirsi) u115127 |
| 245 ## - TITLE STATEMENT | |
| Title | HL allows damages for airport noise |
| 260 ## - PUBLICATION, DISTRIBUTION, ETC. | |
| Date of publication, distribution, etc. | 2001 |
| 490 ## - SERIES STATEMENT | |
| Series statement | Estates Gazette Case Summaries |
| Volume/sequential designation | {2001} 42 EG 139(CS) |
| 520 ## - SUMMARY, ETC. | |
| Summary, etc. | "Farley v Skinner (No 2" HL 11 October 2001. HL reinstated #10,000 award for non-pecuniary distress set aside by the CA. Appeal allowed. Full copy of HL judgement available on http://www.parliament.the-stationery-office.co.uk/pa/ld200102/ldjudgmt/jd011011/farley-1.htm |
| 650 ## - SUBJECT ADDED ENTRY--TOPICAL TERM | |
| Topical term or geographic name entry element | FARLEY V SKINNER |
| 650 ## - SUBJECT ADDED ENTRY--TOPICAL TERM | |
| Topical term or geographic name entry element | AIRCRAFT NOISE |
| 650 ## - SUBJECT ADDED ENTRY--TOPICAL TERM | |
| Topical term or geographic name entry element | WATTS V MORROW |
| 650 ## - SUBJECT ADDED ENTRY--TOPICAL TERM | |
| Topical term or geographic name entry element | DAMAGES |
| 650 ## - SUBJECT ADDED ENTRY--TOPICAL TERM | |
| Topical term or geographic name entry element | DISTRESS |
| 650 ## - SUBJECT ADDED ENTRY--TOPICAL TERM | |
| Topical term or geographic name entry element | INCONVENIENCE |
| 650 ## - SUBJECT ADDED ENTRY--TOPICAL TERM | |
| Topical term or geographic name entry element | NEGLIGENCE |
| 690 ## - LOCAL SUBJECT ADDED ENTRY--TOPICAL TERM (OCLC, RLIN) | |
| Topical term or geographic name as entry element | LAW |
| 856 ## - ELECTRONIC LOCATION AND ACCESS | |
| Uniform Resource Identifier | <a href="https://www.parliament.the-stationery-office.co.uk/pa/ld200102/ldjudgmt/jd011011/farley-1.htm">https://www.parliament.the-stationery-office.co.uk/pa/ld200102/ldjudgmt/jd011011/farley-1.htm</a> |
| 942 ## - ADDED ENTRY ELEMENTS (KOHA) | |
| Suppress in OPAC | 0 |
| Withdrawn status | Lost status | Source of classification or shelving scheme | Damaged status | Not for loan | Home library | Current library | Shelving location | Date acquired | Total Checkouts | Full call number | Barcode | Date last seen | Copy number | Price effective from | Koha item type |
|---|---|---|---|---|---|---|---|---|---|---|---|---|---|---|---|
| Dewey Decimal Classification | London | London | News article | 16/10/2001 | X115127 | 115127-1001 | 06/08/2019 | 1 | 06/08/2019 | Law report |